| 000 | 00786nas a2200241 4500 | ||
|---|---|---|---|
| 001 | BR8300105 | ||
| 003 | BR-BrBNA | ||
| 005 | 20231205085400.0 | ||
| 007 | ta | ||
| 008 | 230509b bl.|||p| |||| 00| 00por d | ||
| 040 |
_aBR-BrBNA _bpor _cBiblioteca Nacional de Agricultura |
||
| 041 | _a(Pt) | ||
| 072 | _aF25 | ||
| 100 | 1 | _aLeite, A.M.C. | |
| 100 | 1 | _aRankin, J.M. | |
| 245 | 1 |
_aRelacao solo/plantula, Pithecolobium racemosum Ducke (Angelim rajado) _bParte de tese |
|
| 246 | 1 |
_a[Soil/seedling relationship, Pithecolobium racemosum Ducke] _b[Part of thesis] |
|
| 650 | _aANGELIM RAJADO | ||
| 650 | _aNUTRIENTE | ||
| 773 | 0 |
_tActa Amazonica (Brazil) _xISSN 0044-5967 _g(Mar 1982), v. 12(1) p. 49-52 _wBR8300105 |
|
| 909 |
_a202311 _bLúcia _c55 _dLúcia Elande |
||
| 942 |
_2AGRIS _n0 _cANA |
||
| 999 |
_c111102 _d111102 |
||